Lietajúci model bikoptéry
Salvato in:
| Autore principale: | |
|---|---|
| Altri autori: | |
| Natura: | Manoscritto Libro |
| Lingua: | slovacco |
| Pubblicazione: |
2016
|
| Soggetti: | |
| Accesso online: | http://is.stuba.sk/zp/portal_zp.pl?podrobnosti=130985 |
| Tags: |
Nessun Tag, puoi essere il primo ad aggiungerne!!
|
MARC
| LEADER | 00000ntm a22000003a 4500 | ||
|---|---|---|---|
| 001 | stuzp58120 | ||
| 003 | SK-STU | ||
| 005 | 20160804102814.5 | ||
| 007 | ta | ||
| 008 | 150427s2015----xo-----f-mn---000-0-slo-d | ||
| 040 | |a STU |b slo | ||
| 041 | 0 | |a slo | |
| 044 | |a xo | ||
| 100 | 1 | |a Hrečko, Lukáš |u 031000 |k Z4 |4 aut |U FEI Fakulta elektrotechniky a informatiky |T FEI Ústav robotiky a kybernetiky |X 5664 |U E011 |Y 356 |7 A000005664 | |
| 242 | 0 | 1 | |a Flying model of bicopter |y eng |
| 245 | 1 | 0 | |a Lietajúci model bikoptéry |
| 260 | |c 2016 | ||
| 300 | |a 94 s., |b CD-ROM | ||
| 650 | 4 | |a bikoptéra |2 slo | |
| 650 | 4 | |a dron |2 slo | |
| 650 | 4 | |a IMU |2 slo | |
| 650 | 4 | |a AHRS |2 slo | |
| 650 | 4 | |a MCU |2 slo | |
| 650 | 4 | |a riadenie procesov |2 slo | |
| 650 | 4 | |a Kalman |2 slo | |
| 650 | 4 | |a filter |2 slo | |
| 650 | 4 | |a konvertoplán |2 slo | |
| 650 | 4 | |a elektronika |2 slo | |
| 650 | 4 | |a kompozitné materiály |2 slo | |
| 650 | 4 | |a bicopter |2 eng | |
| 650 | 4 | |a AHRS |2 eng | |
| 650 | 4 | |a filters |2 eng | |
| 650 | 4 | |a drone |2 eng | |
| 650 | 4 | |a IMU |2 eng | |
| 650 | 4 | |a MCU |2 eng | |
| 650 | 4 | |a process control |2 eng | |
| 650 | 4 | |a Kalman |2 eng | |
| 650 | 4 | |a tilt rotor |2 eng | |
| 700 | 1 | |a Slačka, Juraj |u 031000 |k Z1 |4 ths |U FEI Fakulta elektrotechniky a informatiky |T FEI Ústav robotiky a kybernetiky |X 50837 |U E011 |Y 356 |7 A000050837 | |
| 856 | 4 | |u http://is.stuba.sk/zp/portal_zp.pl?podrobnosti=130985 | |
| 996 | |b 284EP11422 |c E*DIPL- 11422 |l EE31 |s P |a 0 |w stuzp58120_0001 | ||
| SQL | |a stuzp58120 |b DDP |c SLO |d Lietajúci model bikoptéry |e 5664 |f Hrečko, Lukáš |g 031000 |h 50837 |i Slačka, Juraj |j 20160615 |k 1174 |l 03 |m http://is.stuba.sk/zp/portal_zp.pl?podrobnosti=130985 |n I-RK |o 9.2.7. kybernetika | ||